000 00801nam a2200265Ia 4500
003 OSt
005 20221007081245.0
006 a|||||r|||| 00| 0
007 ta
008 221006b |||||||| |||| 00| 0 eng d
024 _a32,338
037 _cReference Collections
040 _aFLL
_cFLL
_beng
041 _2eng
_aeng
082 _aZk(v), P9.4
100 _aStanley N. Katz Ed.
_9696738
110 _aLand-provincial edicts and government
_9696739
245 0 _aInternational encyclopedia of legal history
260 _aNew York
_bOxford University Press New
_c2009
300 _a498p
_ccm.
490 _vVol.4
700 _aLand-provincial edicts and government
_9696740
942 _hZk(v), P9.4
_cREF
_2CC
999 _c1162538
_d1162538